000 00309nam a22001337a 4500
008 171006b xxu||||| |||| 00| 0 eng d
020 _a9780155058835
041 _aeng
080 _25 ED
_a159.9
100 _a49
101 _aPSI
245 _aINVITATION CRITICAL THINKING
_cBARRY.V.E
942 _2udc
_cBK
999 _c32314
_d32314